| 000 | 00352cam a2200145ua 4500 | ||
|---|---|---|---|
| 041 |
_aeng _h |
||
| 082 |
_a824 _bZWE/WO |
||
| 100 | _aZweig, Stefan . | ||
| 245 |
_aWorld of yesterday / _cStefan Zweig. _hTextual Documents |
||
| 260 |
_aLondon : _bCassel and Company , _c1953. |
||
| 300 | _a448 ; . | ||
| 504 | _a | ||
| 942 | _cBK | ||
| 999 |
_c11848 _d11848 |
||